000 01300nam0a2200325 4500
001 RU\NLR\bibl\90703
005 20260406161737.0
010 _a5-93130-007-4
_9500
021 _aRU
_b2000-5299
_9269
035 _a(NLR Aleph) 000088638
090 _a496450
_c496450
100 _a20000607d1999 |||y0rusy50 ca
101 0 _arus
102 _aRU
105 _ay |||||||||
200 1 _aПавел Первый в российской исторической литературе
_eМонография
_fА.В. Скоробогатов
210 _aКазань
_cФорт-Диалог
_d1999
215 _a146, [1] c.
_d21
320 _aБиблиогр. в подстроч. примеч.
600 0 _aПавел
_cимп.
_dI
_f1754 - 1801
_xИсториография
_92167739
_3RU\NLR\auth\661304180
686 _aТ3(2)471,022.1г
700 1 _4070
_8rus
_7ca
_aСкоробогатов
_bА. В.
_f1968-
_gАндрей Валерьевич
_3RU\NLR\AUTH\7748298
_931233
702 0 _4570
_8rus
_7ca
_aПавел
_cимператор российский
_dI
_f1754-1801
_3RU\NLR\AUTH\778886
_9118767
801 0 _aRU
_bNLR
_c20000607
_gPSBO
801 1 _aRU
_bNLR
_c20000607
852 _aNLR
_j2000-3/4225
942 _cBOOK
980 _aNB